| 000 | 00847nam a2200265 i 4500 | ||
|---|---|---|---|
| 001 | 17267 | ||
| 003 | ES-MaACL | ||
| 005 | 20240419181640.0 | ||
| 007 | t| | ||
| 008 | 010124s2000 sp ||||0| spa j | ||
| 020 | _a84-8432-045-6 | ||
| 040 |
_aM-BN _bspa _cM-BN |
||
| 080 | _a61(035) | ||
| 100 | 1 |
_aLópez Piñero, José María. _973895 |
|
| 245 | 1 | 0 |
_aIntroducción a la medicina / _cJosé Mª López Piñero, María Luz Terrada Ferrandis. |
| 250 | _a1ª ed. en Biblioteca de bolsillo. | ||
| 260 |
_aBarcelona : _bCrítica, _c2000. |
||
| 300 |
_a295 p. ; _c19 cm. |
||
| 490 | 1 |
_aBiblioteca de bolsillo ; _v30 |
|
| 650 | 1 | 4 |
_aMedicina- _vObras de divulgación. _914913 |
| 700 | 1 |
_aTerrada, María-Luz. _9109766 |
|
| 830 | 0 |
_aBiblioteca de Bolsillo _v30 _9177945 |
|
| 852 |
_aES-MaACL _jL-24093 _bR.129410 |
||
| 999 |
_c17267 _d17267 |
||